000 00745nam a2200241 a 4500
008
020 _a0412453908
049 _aMAIN
090 0 0 _aHD2741
100 1 _aGibbons, David V.
245 1 4 _aThe company secretary's handbook /
_cDavid V. Gibbons.
260 _aLondon :
_bChapman & Hall,
_c1992.
300 _aix, 181 p. :
_bill. ;
_c26 cm.
500 _aIncludes index.
650 0 _aCorporation secretaries
_zGreat Britain
_xHandbooks, manuals, etc.
650 0 _aCorporation law
_zGreat Britain.
710 2 _aNeville Russell, Chartered Accountants.
907 _a.b10085117
_b13-08-03
_c29-07-03
003
005 20230123133355.0
040 _cNUST
942 _cBOOKS
_kHD2741
999 _c147478
_d147478